[Event "25th British Rapidplay"]
[Site "Leeds ENG"]
[Date "2011.11.20"]
[Round "7"]
[White "Krishnan, Anand J"]
[Black "Davies, Nigel R"]
[Result "0-1"]
[BlackTitle "GM"]
[WhiteElo "1767"]
[BlackElo "2494"]
[WhiteFideId "470597"]
[BlackFideId "404420"]
[EventDate "2011.11.19"]

1. c4 e5 2. Nc3 Bb4 3. g3 Bxc3 4. bxc3 d6 5. Bg2 Nc6 6. d3 Nge7 7. Nf3 O-O 8.
O-O f5 9. Bg5 Qe8 10. Bxe7 Qxe7 11. Qb3 Kh8 12. Nd2 Nd8 13. c5 dxc5 14. c4 Rb8
15. Qa3 a6 16. Nb3 b6 17. Qb2 Bb7 18. Bxb7 Nxb7 19. e3 Nd6 20. Qc3 Rbe8 21. Rfe1
Qf7 22. Nd2 Qh5 23. Kg2 e4 24. d4 cxd4 25. Qxd4 Nf7 26. f4 Rd8 27. Qb2 Nd6 28.
Qc3 Nb7 29. Nf1 Nc5 30. Qc2 Rd3 31. Qe2 Qf7 32. Rac1 Rfd8 33. Red1 Qd7 34. Rxd3
exd3 35. Qf3 Ne4 36. Rd1 Qa4 37. Kh3 Qxd1 0-1

[Event "25th British Rapidplay"]
[Site "Leeds ENG"]
[Date "2011.11.20"]
[Round "8"]
[White "Turner, Matthew J"]
[Black "Walton, Alan J"]
[Result "1-0"]
[WhiteTitle "GM"]
[BlackTitle "CM"]
[WhiteElo "2516"]
[BlackElo "2161"]
[WhiteFideId "402893"]
[BlackFideId "409898"]
[EventDate "2011.11.19"]

1. c4 f5 2. g3 Nf6 3. Bg2 d6 4. Nc3 e5 5. e3 Be7 6. Nge2 O-O 7. d3 Qe8 8. O-O
Nc6 9. Rb1 Qh5 10. f4 a6 11. b4 Nd8 12. Nd5 Nxd5 13. cxd5 Nf7 14. Qc2 Bd8 15.
fxe5 dxe5 16. d4 e4 17. Nf4 Qh6 18. Bd2 Nd6 19. Rf2 Bd7 20. a4 Rc8 21. b5 axb5
22. axb5 g5 23. Ne6 Bxe6 24. dxe6 Qxe6 25. Bb4 Be7 26. Rbf1 Rf7 27. Bxd6 Bxd6
28. Bxe4 Rcf8 29. Bd3 Qxe3 30. Bc4 Qxd4 31. Kh1 Kg7 32. Bxf7 Rxf7 33. Rxf5 Rxf5
34. Qxf5 Qe5 35. Qxe5+ Bxe5 36. Rf5 Bf6 37. Rc5 c6 38. bxc6 bxc6 39. Rxc6 Kg6
40. g4 1-0

[Event "25th British Rapidplay"]
[Site "Leeds ENG"]
[Date "2011.11.20"]
[Round "8"]
[White "Davies, Nigel R"]
[Black "Wells, Peter K"]
[Result "1-0"]
[WhiteTitle "GM"]
[BlackTitle "GM"]
[WhiteElo "2494"]
[BlackElo "2492"]
[WhiteFideId "404420"]
[BlackFideId "400327"]
[EventDate "2011.11.19"]

1. g3 g6 2. Bg2 Bg7 3. d4 c5 4. d5 d6 5. c4 b5 6. Nf3 Nf6 7. O-O O-O 8. a4 bxc4
9. Nfd2 Na6 10. Nxc4 Nb4 11. Nc3 Ba6 12. Ne3 Rb8 13. Rb1 e6 14. b3 Re8 15. Re1
exd5 16. Ncxd5 Nbxd5 17. Nxd5 Nxd5 18. Bxd5 Bc3 19. Bd2 Bd4 20. e3 Bg7 21. Qc2
Qg5 22. Bg2 Bb7 23. e4 Qe5 24. Bf4 Qe6 25. Rbd1 Bd4 26. b4 Rbc8 27. b5 d5 28. e5
f6 29. exf6 Qxe1+ 30. Rxe1 Rxe1+ 31. Bf1 Rce8 32. h4 Bc8 33. Kg2 Bg4 34. Be3
Bxe3 35. fxe3 R1xe3 36. Qxc5 1-0

[Event "25th British Rapidplay"]
[Site "Leeds ENG"]
[Date "2011.11.20"]
[Round "8"]
[White "Walker, David J"]
[Black "Burnett, Jim"]
[Result "1-0"]
[WhiteTitle "FM"]
[WhiteElo "2281"]
[BlackElo "2137"]
[WhiteFideId "400882"]
[BlackFideId "402273"]
[EventDate "2011.11.19"]

1. c4 e6 2. g3 d5 3. Bg2 Nf6 4. Nf3 c6 5. b3 Be7 6. O-O O-O 7. Bb2 a5 8. Nc3 d4
9. Nb1 c5 10. e3 Nc6 11. exd4 cxd4 12. Re1 Bc5 13. a3 Re8 14. d3 e5 15. Nbd2 Bf5
16. Qb1 Qc7 17. Nh4 Bg4 18. Bc1 Rad8 19. Ne4 Be7 20. Nxf6+ Bxf6 21. b4 Bxh4 22.
gxh4 Qd7 23. Bg5 Rb8 24. b5 Nd8 25. Qc2 Ne6 26. Bd2 Nf4 27. Bxf4 exf4 28. Bd5
Qf5 29. f3 Bh3 30. Be4 Qh5 31. Qf2 Kh8 32. Kh1 f5 33. Bd5 Re3 34. Rg1 Rbe8 35.
Rg5 Qh6 36. Rag1 Qf6 37. h5 h6 38. Rg6 Qe7 39. Qb2 Qe5 40. a4 Rxd3 41. Bxb7 Re3
42. Bc6 Re7 43. b6 Re2 44. Qb5 Qe3 45. b7 Qf2 46. b8=Q+ Kh7 47. Qxf4 Bg4 48.
R6xg4 fxg4 49. Qff5+ Kh8 50. Qf8+ Kh7 51. Qbf5+ 1-0

[Event "25th British Rapidplay"]
[Site "Leeds ENG"]
[Date "2011.11.20"]
[Round "9"]
[White "Davies, Nigel R"]
[Black "Turner, Matthew J"]
[Result "1/2-1/2"]
[WhiteTitle "GM"]
[BlackTitle "GM"]
[WhiteElo "2494"]
[BlackElo "2516"]
[WhiteFideId "404420"]
[BlackFideId "402893"]
[EventDate "2011.11.19"]

1. d4 Nf6 2. Nf3 e6 3. g3 d5 4. Bg2 Be7 5. O-O O-O 6. c4 dxc4 7. Qc2 a6 8. a4
Bd7 9. Qxc4 Bc6 10. Bg5 a5 11. Nc3 Na6 12. Bxf6 Bxf6 13. e4 Nb4 14. Rfd1 b6 15.
Rd2 Bb7 16. Qe2 Bg5 17. Nxg5 Qxg5 18. h4 Qe7 19. Re1 Rad8 20. Qd1 Rfe8 21. Bf1
Qd7 22. Bb5 Bc6 23. Bc4 h6 24. b3 Bb7 25. Bb5 Bc6 26. Bc4 Bb7 27. Bb5 1/2-1/2

[Event "25th British Rapidplay"]
[Site "Leeds ENG"]
[Date "2011.11.20"]
[Round "9"]
[White "Jones, Gawain C B"]
[Black "Surtees, Mike J"]
[Result "1-0"]
[WhiteTitle "GM"]
[WhiteElo "2635"]
[BlackElo "2113"]
[WhiteFideId "409561"]
[BlackFideId "412619"]
[EventDate "2011.11.19"]

1. Nf3 c6 2. e4 d5 3. Nc3 a6 4. d4 Bg4 5. h3 Bxf3 6. Qxf3 e6 7. Be3 Nf6 8. a3 b5
9. Bd3 b4 10. axb4 Bxb4 11. e5 Nfd7 12. Qg3 g6 13. h4 Qe7 14. h5 Qf8 15. Kf1
Bxc3 16. bxc3 Kd8 17. Qh4+ Kc7 18. hxg6 fxg6 19. Bxg6 c5 20. Bh5 Nc6 21. Qg4 Nd8
22. dxc5 Rg8 23. Bh6 Rxg4 24. Bxf8 Rc4 25. Bd6+ Kc8 26. Be2 Rxc3 27. Bxa6+ Rxa6
28. Rxa6 Nxc5 29. Bxc5 Rxc5 30. Ra8+ 1-0

[Event "25th British Rapidplay"]
[Site "Leeds ENG"]
[Date "2011.11.20"]
[Round "9"]
[White "Longson, Alexander"]
[Black "Walker, David J"]
[Result "1-0"]
[BlackTitle "FM"]
[WhiteElo "2281"]
[BlackElo "2281"]
[WhiteFideId "408093"]
[BlackFideId "400882"]
[EventDate "2011.11.19"]

1. e4 g6 2. d4 Bg7 3. Nf3 d6 4. Bd3 Nc6 5. c3 Nf6 6. O-O O-O 7. Nbd2 e5 8. d5
Ne7 9. c4 Nd7 10. b4 a5 11. bxa5 Nc5 12. Nb3 Nxd3 13. Qxd3 f5 14. Ng5 h6 15. Ne6
Bxe6 16. dxe6 Qc8 17. f3 Qxe6 18. Be3 Kh7 19. Rfb1 f4 20. Bd2 g5 21. Nc1 Rab8
22. Rb2 g4 23. Rab1 gxf3 24. gxf3 Rg8 25. Qf1 Qc8 26. Kh1 Bf6 27. Nd3 Ng6 28.
Nf2 Nh4 29. Ng4 Be7 30. Qh3 h5 31. Nf2 Nxf3 32. Bc3 Bd8 33. Rxb7 Ra8 34. Rb8 Ra6
35. Rxc8 Rc6 36. Rb4 Bh4 1-0

[Event "25th British Rapidplay"]
[Site "Leeds ENG"]
[Date "2011.11.20"]
[Round "10"]
[White "Shaw, Peter"]
[Black "Jones, Gawain C B"]
[Result "0-1"]
[BlackTitle "GM"]
[WhiteElo "2180"]
[BlackElo "2635"]
[WhiteFideId "411361"]
[BlackFideId "409561"]
[EventDate "2011.11.19"]

1. d4 Nf6 2. c4 c5 3. d5 b5 4. cxb5 a6 5. bxa6 g6 6. Nc3 Bxa6 7. e4 Bxf1 8. Kxf1
d6 9. Nf3 Nbd7 10. h3 Bg7 11. Kg1 O-O 12. Kh2 Qa5 13. Re1 Rfb8 14. Re2 Ne8 15.
Rc2 Nc7 16. Bd2 Qa6 17. a3 Rb3 18. Qf1 Qb7 19. Ra2 Nb6 20. Bg5 Bxc3 21. bxc3 f6
22. Bc1 Na4 23. c4 e5 24. Nd2 Rb6 25. Qe2 Ne8 26. Nf1 Rb3 27. Qg4 Qc8 28. Qxc8
Rxc8 29. Nd2 Rb7 30. Kg1 Rcb8 31. Kf1 f5 32. f3 Nf6 33. Ke2 fxe4 34. fxe4 Nh5
35. Nf1 Rb3 36. Bd2 Nf6 37. Kf2 Nxe4+ 38. Kg1 Rb1 39. Bh6 Nac3 0-1

[Event "25th British Rapidplay"]
[Site "Leeds ENG"]
[Date "2011.11.20"]
[Round "10"]
[White "Turner, Matthew J"]
[Black "Burns-Mannion, Stephen R"]
[Result "1/2-1/2"]
[WhiteTitle "GM"]
[BlackTitle "IM"]
[WhiteElo "2516"]
[BlackElo "2351"]
[WhiteFideId "402893"]
[BlackFideId "2400111"]
[EventDate "2011.11.19"]

1. c4 Nf6 2. g3 c6 3. Nf3 d5 4. b3 Bf5 5. Bg2 e6 6. O-O Be7 7. Bb2 O-O 8. d3 h6
9. Nc3 Nbd7 10. Rc1 Bh7 11. Qd2 Re8 12. Rfd1 a5 13. e4 dxe4 14. dxe4 Nc5 15. Qe2
Qc7 16. Ne1 Rad8 17. Nd3 Nxd3 18. Rxd3 Rxd3 19. Qxd3 Rd8 20. Qe3 e5 21. Na4 Bb4
22. Bc3 Bxc3 23. Nxc3 Rd4 24. Ne2 Rd8 25. Nc3 Rd4 26. Ne2 Rd8 27. Nc3 1/2-1/2

[Event "25th British Rapidplay"]
[Site "Leeds ENG"]
[Date "2011.11.20"]
[Round "10"]
[White "Longson, Alexander"]
[Black "Davies, Nigel R"]
[Result "1-0"]
[BlackTitle "GM"]
[WhiteElo "2281"]
[BlackElo "2494"]
[WhiteFideId "408093"]
[BlackFideId "404420"]
[EventDate "2011.11.19"]

1. e4 c5 2. Nf3 e6 3. b3 d6 4. Bb5+ Bd7 5. Bxd7+ Nxd7 6. d4 cxd4 7. Qxd4 Ngf6 8.
c4 Be7 9. O-O O-O 10. Nc3 a6 11. Bb2 Qa5 12. Rfe1 Rfd8 13. Ne2 b5 14. cxb5 Qxb5
15. Nc3 Qb7 16. Rad1 Rac8 17. Re2 Nc5 18. h3 h6 19. Nh2 Bf8 20. Ng4 Nxg4 21.
hxg4 Nd7 22. Na4 Rc6 23. Red2 Rdc8 24. Ba3 Nf6 25. f3 d5 26. Bxf8 Kxf8 27. exd5
Nxd5 28. Nb2 Nc3 29. Ra1 Nb5 30. Qb4+ Kg8 31. Nc4 Qa7+ 32. Kh1 Qc5 33. Qxc5 Rxc5
34. Rad1 Kh7 35. Rd7 R8c7 36. Rxc7 Rxc7 37. Rd3 Na7 38. Rd6 Nc6 39. Kg1 Kg6 40.
Rxc6 1-0

[Event "25th British Rapidplay"]
[Site "Leeds ENG"]
[Date "2011.11.20"]
[Round "10"]
[White "Burnett, Jim"]
[Black "Wells, Peter K"]
[Result "1-0"]
[BlackTitle "GM"]
[WhiteElo "2137"]
[BlackElo "2492"]
[WhiteFideId "402273"]
[BlackFideId "400327"]
[EventDate "2011.11.19"]

1. d4 Nf6 2. c4 e6 3. Nf3 d5 4. Nc3 c6 5. Bg5 h6 6. Bh4 dxc4 7. e4 b5 8. e5 g5
9. exf6 gxh4 10. Ne5 Qxf6 11. a4 h3 12. gxh3 Rg8 13. Be2 Bb7 14. Bf3 Nd7 15.
Nxd7 Kxd7 16. axb5 a6 17. bxc6+ Bxc6 18. Bxc6+ Kxc6 19. Qa4+ Kb6 20. O-O-O Qf5
21. Qxc4 Bd6 22. Qd3 Qf4+ 23. Kb1 Ka7 24. d5 e5 25. Ne4 Rgd8 26. Rc1 Rab8 27.
Rc6 Rb6 28. Rxb6 Kxb6 29. Rc1 1-0

[Event "25th British Rapidplay"]
[Site "Leeds ENG"]
[Date "2011.11.20"]
[Round "10"]
[White "Walker, David J"]
[Black "Weller, Jean-Luc"]
[Result "1-0"]
[WhiteTitle "FM"]
[WhiteElo "2281"]
[BlackElo "2074"]
[WhiteFideId "400882"]
[BlackFideId "421936"]
[EventDate "2011.11.19"]

1. c4 e5 2. g3 Nc6 3. Nc3 f5 4. Bg2 Nf6 5. d3 Bc5 6. Nf3 d6 7. O-O O-O 8. Bg5
Be6 9. Nd5 Bxd5 10. cxd5 Ne7 11. d4 e4 12. dxc5 exf3 13. Bxf3 dxc5 14. Qb3 Qd6
15. Bf4 Qb6 16. d6+ Qxb3 17. axb3 Ned5 18. dxc7 Nxf4 19. gxf4 Ne4 20. Rfd1 Kf7
21. Rd7+ Kg6 22. Rad1 Rac8 23. Bxe4 fxe4 24. Rd8 1-0

[Event "25th British Rapidplay"]
[Site "Leeds ENG"]
[Date "2011.11.20"]
[Round "11"]
[White "Jones, Gawain C B"]
[Black "Burnett, Jim"]
[Result "1-0"]
[WhiteTitle "GM"]
[WhiteElo "2635"]
[BlackElo "2137"]
[WhiteFideId "409561"]
[BlackFideId "402273"]
[EventDate "2011.11.19"]

1. e4 e6 2. d4 d5 3. Nd2 c5 4. Ngf3 cxd4 5. exd5 Qxd5 6. Bc4 Qd6 7. O-O Nf6 8.
Bb3 Nc6 9. Nc4 Qd8 10. Nce5 Nxe5 11. Nxe5 a6 12. Qf3 Qa5 13. Nc4 Qc5 14. c3 Be7
15. cxd4 Qb5 16. a4 Qc6 17. Qg3 O-O 18. Bh6 Ne8 19. a5 Kh8 20. Be3 Nd6 21. Rfc1
Nxc4 22. Bxc4 Bd6 23. Qh4 Qe8 24. Bd3 f5 25. Bf4 Be7 26. Qg3 Bd7 27. Be5 Rf7 28.
Rc7 Bc6 29. Be2 Kg8 30. Bh5 g6 31. Bxg6 1-0

[Event "25th British Rapidplay"]
[Site "Leeds ENG"]
[Date "2011.11.20"]
[Round "11"]
[White "Turner, Matthew J"]
[Black "Walker, David J"]
[Result "1/2-1/2"]
[WhiteTitle "GM"]
[BlackTitle "FM"]
[WhiteElo "2516"]
[BlackElo "2281"]
[WhiteFideId "402893"]
[BlackFideId "400882"]
[EventDate "2011.11.19"]

1. c4 c5 2. g3 Nc6 3. Bg2 g6 4. Nc3 Bg7 5. e3 h5 6. h3 Nh6 7. e4 d6 8. d3 f5 9.
Nge2 e5 10. Be3 h4 11. Qd2 Nf7 12. O-O-O hxg3 13. fxg3 Be6 14. h4 Qd7 15. Rdf1
O-O-O 16. h5 Rxh5 17. Rxh5 gxh5 18. exf5 Bxf5 19. Nd5 Kb8 20. Nec3 Rh8 21. Ne4
Nh6 22. Nef6 Bxf6 23. Nxf6 Qe6 24. Nxh5 Qg6 25. Bxh6 Qxh5 26. Bxc6 bxc6 27. Be3
Qg6 28. Rd1 Qxg3 29. Rg1 Qf3 30. b4 Rh1 31. Rxh1 Qxh1+ 32. Kb2 Qf1 33. bxc5 Qxd3
34. Qxd3 Bxd3 35. Kc3 Bb1 36. cxd6 Bxa2 37. Bxa7+ 1/2-1/2

[Event "25th British Rapidplay"]
[Site "Leeds ENG"]
[Date "2011.11.20"]
[Round "11"]
[White "Burns-Mannion, Stephen R"]
[Black "Longson, Alexander"]
[Result "1-0"]
[WhiteTitle "IM"]
[WhiteElo "2351"]
[BlackElo "2281"]
[WhiteFideId "2400111"]
[BlackFideId "408093"]
[EventDate "2011.11.19"]

1. e4 e5 2. Nf3 Nc6 3. Bb5 a6 4. Ba4 Nf6 5. O-O Be7 6. Re1 b5 7. Bb3 d6 8. c3
O-O 9. d4 Bg4 10. Be3 exd4 11. cxd4 Na5 12. Bc2 Nc4 13. Bc1 c5 14. b3 Nb6 15.
Nbd2 Qc7 16. h3 Bh5 17. d5 Nfd7 18. g4 Bg6 19. Nf1 Bf6 20. Rb1 Rfe8 21. Ng3 c4
22. b4 a5 23. a3 axb4 24. axb4 Ra2 25. Re2 h6 26. h4 Qa7 27. g5 hxg5 28. hxg5
Bd8 29. Nd4 f6 30. Nxb5 Qb8 31. f4 fxg5 32. f5 Bf7 33. Nd4 Bf6 34. Nc6 Qa8 35.
Be3 Qa3 36. Bf2 c3 37. Qd3 Na4 38. Qb5 Nb2 39. Qb7 Ne5 40. Nxe5 Bxe5 41. b5 Ra1
42. Rxa1 Qxa1+ 43. Re1 Qa2 44. Qa6 Qc4 45. Qc6 Qb4 46. b6 Nc4 47. Rb1 Nb2 48. b7
Bd4 49. Ne2 Bxf2+ 50. Kxf2 g4 51. Qxc3 Qb6+ 52. Qd4 g3+ 53. Kxg3 Qa6 54. Rxb2
Qxe2 55. b8=Q Qe1+ 56. Qf2 1-0

[Event "25th British Rapidplay"]
[Site "Leeds ENG"]
[Date "2011.11.20"]
[Round "11"]
[White "Davies, Nigel R"]
[Black "Surtees, Mike J"]
[Result "1/2-1/2"]
[WhiteTitle "GM"]
[WhiteElo "2494"]
[BlackElo "2113"]
[WhiteFideId "404420"]
[BlackFideId "412619"]
[EventDate "2011.11.19"]

1. g3 e5 2. c4 c6 3. d4 f6 4. Bg2 Bb4+ 5. Bd2 Qe7 6. c5 Na6 7. Bxb4 Nxb4 8. Nc3
Nh6 9. Nf3 b6 10. dxe5 fxe5 11. Ne4 bxc5 12. Nd6+ Kd8 13. O-O Kc7 14. a3 Nd5 15.
Nxc8 Rhxc8 16. Nd2 Nb6 17. Qc2 g6 18. Rac1 Nf5 19. e3 d5 20. Qxc5 Qxc5 21. Rxc5
Kd6 22. Ra5 e4 23. Rc1 Nd7 24. Rd1 Ke7 25. b4 c5 26. Nxe4 cxb4 27. Raxd5 Nb6 28.
Re5+ Kf8 29. axb4 Rab8 30. Nc5 Kg7 31. Na6 Re8 32. Ra5 Rbd8 33. Rc1 Re7 34. Nc5
Rc8 35. Rca1 Rcc7 36. Bf1 Nd6 37. Rd1 Ne4 38. Nxe4 Rxe4 39. b5 Ree7 40. Ra3 Red7
41. Rxd7+ Rxd7 42. h4 Kf6 43. Kg2 Ke5 44. Rc3 Nd5 45. Rc5 Kd6 46. Rc6+ Ke5 47.
g4 Nf6 48. g5 Ne4 49. Rc2 Rd1 50. Be2 1/2-1/2